000 00643cab a2200193 4500
001 X2836
008 090401t1995 xxu||||| |||| 00| 0 eng d
035 _a(Sirsi) u26717
041 _aeng
245 _aInformation paper on EC Habitats and Species Directive
260 _c1995
350 _a0
490 _aCSM (Chartered Surveyor Monthly)
_v5(1) September 1995, 25(1)
520 _aAnnounces information paper on RICS response to the EC Habitats and Species Directive and its implementation in the UK.
650 _aHABITATS AND SPECIES DIRECTIVE
690 _aENVIRONMENTAL AND LAND CONSULTANCY
942 _n0
948 _c04/03/1997
999 _c17981
_d17981